[Event "SEMI ECT 4-B email"]
[Site "SEMI email"]
[Date "2000.??.??"]
[Round "?"]
[White "Waldirson, Coelho"]
[Black "Joyner, Robert"]
[Result "1-0"]
[WhiteElo "1000"]
[BlackElo "1000"]
[PlyCount "25"]
[EventDate "2000.04.??"]
[EventType "tourn (corr)"]
[EventRounds "8"]
[EventCountry "ITA"]
[SourceTitle "Corr 2008"]
[Source "ChessBase"]
[SourceDate "2008.06.24"]
[SourceVersion "1"]
[SourceVersionDate "2008.06.24"]
[SourceQuality "1"]

1. e4 Nf6 2. e5 Ne4 3. d3 Nxf2 4. Kxf2 Nc6 5. d4 d6 6. exd6 cxd6 7. Nf3 Bf5 8. Nc3 e6 9. d5 Nb4 10. Bb5+ Ke7 11. Nd4 Bxc2 12. Nxc2 Nxc2 13. Qxc2 1-0